| 000 | 00733cam a2200253Ma 4500 | ||
|---|---|---|---|
| 001 | 85508 | ||
| 005 | 20230410115734.0 | ||
| 008 | 820706s1977 xx 000 0 eng d | ||
| 035 | _a(OCoLC)ocn301578930 | ||
| 040 |
_aRUQBL _bfre _cRUQBL |
||
| 035 | _a(OCoLC)301578930 | ||
| 050 | 1 | 4 |
_aHG3881 _bG885.1977 |
| 100 | 1 | _aGrubel, Herbert G. | |
| 245 | 1 | 4 |
_aThe international monetary system : _befficiency and practical alternatives - 3d ed. |
| 260 |
_aHarmondsworth : _bPenguin Books, _c1977. |
||
| 300 | _a237 p. | ||
| 440 | 0 | _aPenguin modern economics texts | |
| 650 | 4 | _aCRV | |
| 650 | 4 | _aColección Rene Villarreal. | |
| 653 |
_aMonetaire _aMonnaie _aSysteme |
||
| 942 |
_2lcc _cbk |
||
| 946 | _amfcruz | ||
| 994 |
_aC0 _bDRFGD |
||
| 999 |
_c47027 _d47027 |
||